Pendekatan pengajaran bahasa Melayu di institusi pengajian tinggi : satu kajian kes di Pusat Bahasa, Universiti Malaya /
Saved in:
| Main Author: | |
|---|---|
| Format: | Thesis Book |
| Language: | Malay |
| Published: |
1996.
|
| Subjects: | |
| Online Access: | http://studentsrepo.um.edu.my/id/eprint/666 |
| Tags: |
Add Tag
No Tags, Be the first to tag this record!
|
| LEADER | 01609cam a2200373 a 4500 | ||
|---|---|---|---|
| 001 | u416577 | ||
| 003 | SIRSI | ||
| 008 | 930723s1996 my t q00 1 may m | ||
| 035 | |a ACD-9589 | ||
| 040 | |a UMM |d UMA | ||
| 043 | |a a-my--- | ||
| 090 | |a PL5070 |b Matzh | ||
| 091 | |a Microfiche 14274 | ||
| 093 | |a PL5070 |b Matzh | ||
| 094 | |a PL5070 |b Matzh | ||
| 100 | 0 | 0 | |a Mat Zaid Hussein. |
| 245 | 1 | 0 | |a Pendekatan pengajaran bahasa Melayu di institusi pengajian tinggi : |b satu kajian kes di Pusat Bahasa, Universiti Malaya / |c Mat Zaid bin Hussein. |
| 260 | |c 1996. | ||
| 300 | |a xi, 194 leaves : |b ill. ; |c 30 cm. | ||
| 500 | |a AIUM | ||
| 500 | |a Microfiche. Kuala Lumpur : University of Malaya Library, 1999. 3 fiches : negative ; 11 x 15 cm. | ||
| 500 | |a AIUM. | ||
| 502 | |a Dissertation (M.M.L.S.) -- Fakulti Bahasa dan Linguistik, Universiti Malaya, 1996. | ||
| 504 | |a Bibliography: leaves 185-194. | ||
| 610 | 2 | 0 | |a Universiti Malaya. |b Pusat Bahasa |x Curricula |
| 650 | 0 | |a Malay language |x Study and teaching (Higher) |z Malaysia | |
| 710 | 2 | 0 | |a Universiti Malaya. |b Fakulti Bahasa dan Linguistik. |
| 856 | 4 | 1 | |u http://studentsrepo.um.edu.my/id/eprint/666 |
| 948 | |a 08/10/1997 |b 17/06/2002 | ||
| 596 | |a 1 6 18 | ||
| 999 | |a PL5070 MATZH |w LC |c 1 |i A507341755 |d 2/2/2000 |l STACKS |m P01UTAMA |n 7 |r Y |s Y |t TESIS |u 10/10/1997 | ||
| 999 | |a PL5070 MATZH |w LC |c 2 |i A507732136 |d 28/11/2018 |e 25/11/2018 |l STACKS |m P01UTAMA |n 17 |r Y |s Y |t TESIS |u 17/9/1998 | ||
| 999 | |a PL5070 MATZH |w LC |c 1 |i A503696960 |l STACKS |m P06BAHASA |r Y |s Y |t TESIS |u 9/10/1997 | ||
| 999 | |a F PL5070 MATZH |w LC |c 1 |i A508748289 |l RESERVES |m P18ISLPURI |r Y |s Y |t TESIS |u 3/10/1999 | ||
